00682nam a2200205 i 4500001000700000003000900007005001700016007000300033008004100036100001900077245010200096260005100198300003600249500002300285505005000308700002700358700002700385740004200412852002200454128654ES-MaACL20230906193333.0t|070521s1912 fr ||||1| fre d1 aTannery, Paul.10aMémoires scientifiques publiés / cPaul Tannery ; publiés par J.L. Heiberg et H.G. Zeuthen. aToulouse : b[s.n.], c1912 (fEdouard Privat) a2 v., lám. : bil. ; c24 cm. aRetrato del autor.8 aContiene: Sciences exactes dans l'antiquité1 aHeiberg, Johan Ludvig.1 aZeuthen, Hieronymus G.0 aSciences exactes dans l' antiquité. aES-MaACLjF-981-2